La constitution de Weimar et le principe de la démocratie allemande / (Record no. 145649)
[ view plain ]
| 000 -LEADER | |
|---|---|
| campo de control de longitud fija | 00450nam a2200145 i 4500 |
| 001 - NÚMERO DE CONTROL | |
| campo de control | 145649 |
| 003 - IDENTIFICADOR DE NÚMERO DE CONTROL | |
| campo de control | ES-MaACL |
| 007 - CAMPO FIJO DE DESCRIPCIÓN FÍSICA--INFORMACIÓN GENERAL | |
| campo de control de longitud fija | t| |
| 008 - DATOS DE LONGITUD FIJA--INFORMACIÓN GENERAL | |
| campo de control de longitud fija | 071015s1923 gw ||||1| ger d |
| 100 1# - ENTRADA PRINCIPAL--NOMBRE DE PERSONA | |
| Nombre de persona | Vermeil, Edmond. |
| 9 (RLIN) | 114151 |
| 245 13 - MENCIÓN DEL TÍTULO | |
| Título | La constitution de Weimar et le principe de la démocratie allemande / |
| Mención de responsabilidad, etc. | Edmond Vermeil. |
| 260 ## - PUBLICACIÓN, DISTRIBUCIÓN, ETC. | |
| Lugar de publicación, distribución, etc. | Strasbourg : |
| Nombre del editor, distribuidor, etc. | [s.n.], |
| Fecha de publicación, distribución, etc. | 1923 ( |
| Fabricante | Impr. Alsacienne) |
| 300 ## - DESCRIPCIÓN FÍSICA | |
| Extensión | XII, 473 p. ; |
| Dimensiones | 26 cm. |
| 852 ## - LOCALIZACIÓN | |
| Ubicación | ES-MaACL |
| Número de control de estantería | B-4544 |
| Estatus retirado | Estado de pérdida | Estado de daño | No para préstamo | Biblioteca de origen | Biblioteca actual | Ubicación en estantería | Fecha de adquisición | Fuente de adquisición | Total de préstamos | Signatura topográfica completa | Código de barras | Visto por última vez | Precio de reemplazo | Tipo de ítem Koha |
|---|---|---|---|---|---|---|---|---|---|---|---|---|---|---|
| Biblioteca del Ateneo de Madrid | Biblioteca del Ateneo de Madrid | Sala Pardo Bazán | 17/01/2008 | B-4544 | 1152036 | 23/02/2023 | 23/02/2023 | Libro impreso |
